|
|
|
|
| LEADER |
00000nab a2200000ua 4500 |
| 001 |
vtls010787472 |
| 003 |
SK-MaSNL |
| 005 |
20260303135113.0 |
| 008 |
230218s1965 xo |||||||||||||||||slo| |
| 035 |
|
|
|a (urnnbn)urn:nbn:sk:snk:ar-003oxm
|
| 035 |
|
|
|a (uuid)f4f7e635-0cff-4c68-a13f-b6a07ae5a392
|
| 035 |
|
|
|a urn:nbn:sk:snk-ab422r
|
| 040 |
|
|
|a SNKBUCL
|b slo
|c SNKBUCL
|e AACR2
|
| 041 |
0 |
|
|a slo
|
| 044 |
|
|
|a xo
|c SK
|
| 100 |
1 |
|
|a GB
|4 aut
|9 689056
|
| 245 |
1 |
0 |
|a Knihovníci vo výskumnom ústave
|c Gb
|
| 773 |
0 |
|
|t Čitateľ : mesačník pre prácu s čitateľmi
|g Roč. 14, č. 9 (1965), s. 328-330
|
| 954 |
|
|
|a odborná, vedecká literatúra pôvodná (slovenská)
|2 lita
|
| 958 |
|
|
|a OND
|
| 958 |
|
|
|a EUIPO
|
| 958 |
|
|
|a article3
|
| 999 |
|
|
|c 1963621
|d 1965551
|